Catalog

Record Details

Catalog Search



Tradice pěstounské péče v českých zemích  Cover Image Book Book

Tradice pěstounské péče v českých zemích / Veronika Smolíková

Record details

  • ISBN: 978-80-7418-218-1
  • ISBN: 978-80-87475-43-0
  • Physical Description: 77 s. ; 24 cm
  • Edition: Vyd. 1.
  • Publisher: Ostrava : Key Publishing ; 2014

Content descriptions

Bibliography, etc. Note:
Obsahuje bibliografii a bibliografické odkazy
Subject: pěstounská péče > Česko > 19.-20. století
pěstounská péče > právní aspekty
foster home care > Czechia > 19th-20th century
foster home care > legal aspects
Genre: monografie
monographs

Available copies

  • 0 of 1 copy available at Common Catalog SPOK.

Holds

  • 0 current holds with 1 total copy.
Show Only Available Copies
Location Call Number / Copy Notes Barcode Shelving Location Status Due Date
Jabok Library Ped-8.2.2 424480038720 Odborná literatura Checked out 08.09.2025

LDR 02501nam a2200685 a 4500
00124234
003CZ-PrJAB
00520160929090119.0
007ta
008141126s2014 xr f 000 0 cze
015 . ‡acnb002647115
020 . ‡a978-80-7418-218-1 ‡q(Key Publishing ; ‡qbrož.)
020 . ‡a978-80-87475-43-0 ‡q(The European Society for History of Law ; ‡qbrož.)
035 . ‡a(CZ PrSKC)nkc20142647115
035 . ‡a(OCoLC)903090216
040 . ‡aOLA001 ‡bcze ‡dABA001
043 . ‡ae-xr---
045 . ‡aw-x-
072 7. ‡a364-1/-7 ‡xDruhy sociální pomoci a služeb ‡2Konspekt ‡918
080 . ‡a364-782.42 ‡2MRF
080 . ‡a34 ‡2MRF
080 . ‡a(437.3) ‡2MRF
080 . ‡a(048.8) ‡2MRF
1001 . ‡aSmolíková, Veronika ‡7hka2014852960 ‡4aut
24510. ‡aTradice pěstounské péče v českých zemích / ‡cVeronika Smolíková
250 . ‡aVyd. 1.
260 . ‡aOstrava : ‡bKey Publishing ; ‡aBrno : ‡bEuropean Society for History of Law, ‡c2014
300 . ‡a77 s. ; ‡c24 cm
4901 . ‡aMonografie
504 . ‡aObsahuje bibliografii a bibliografické odkazy
648 7. ‡a19.-20. století ‡7ch757015 ‡2czenas
65007. ‡apěstounská péče ‡7ph124858 ‡zČesko ‡y19.-20. století ‡2czenas
65007. ‡apěstounská péče ‡7ph124858 ‡xprávní aspekty ‡2czenas
65009. ‡afoster home care ‡zCzechia ‡y19th-20th century ‡2eczenas
65009. ‡afoster home care ‡xlegal aspects ‡2eczenas
655 7. ‡amonografie ‡7fd132842 ‡2czenas
655 9. ‡amonographs ‡2eczenas
830 0. ‡aMonografie (Key Publishing : European Society for History of Law)
910 . ‡aABG312
901 . ‡a24234 ‡b ‡c24234 ‡tbiblio

Additional Resources